| 000 | 00683nam a2200253Ia 4500 | ||
|---|---|---|---|
| 001 | 43945 | ||
| 005 | 20240114003609.0 | ||
| 007 | ta | ||
| 008 | 090212s1982 g b000 u 465 u | ||
| 020 | _cPB | ||
| 040 | _aCotton College,Assam | ||
| 041 | _a465 | ||
| 082 |
_a941.1 _bFry |
||
| 100 | _aS Fry, Peter and Flora . | ||
| 245 | 0 |
_aThe History of Scotland / _cPeter and Flona Somerset Fry. _hTextual Documents |
|
| 250 | _aist ed / | ||
| 260 |
_aLondon : _bArk Paperbacks , _c1982. |
||
| 300 |
_a248pg ; _c20cm. |
||
| 653 | _aHistory-History of Scotland | ||
| 653 | _aT/G-History of Scotland | ||
| 942 |
_2ddc _cBK |
||
| 999 |
_c43911 _d43911 |
||